Pętle tramwajowe w Krakowie - Statystyki

Ogólne statystyki
  • Ten quiz został rozwiązany 239 razy
  • Średni wynik to 19 z 25
Statystyki odpowiedzi
Stan Pętla tramwajowa % Poprawnych
Czynna Bronowice
90%
Czynna Górka Narodowa P+R
89%
Czynna Krowodrza Górka P+R
88%
Czynna Borek Fałęcki
86%
Czynna Bronowice Małe
86%
Czynna Czerwone Maki P+R
84%
W remoncie Wzgórza Krzesławickie
83%
Czynna Cichy Kącik
82%
Czynna Kurdwanów P+R
81%
Czynna Mistrzejowice
80%
Czynna Nowy Bieżanów P+R
80%
Czynna Pleszów
80%
W remoncie Salwator
80%
Czynna Mały Płaszów P+R
78%
Czynna Kopiec Wandy
71%
Zastępcza Łagiewniki
71%
Czynna Os. Piastów
71%
Czynna Dworzec Towarowy
66%
Zastępcza Prokocim
65%
Zastępcza Dąbie
61%
Czynna TAURON Arena Kraków Wieczysta
61%
Zastępcza Rondo Hipokratesa
58%
Nieczynna Walcownia
58%
Czynna Cmentarz Rakowicki
56%
Czynna Plac Centralny im. Ronalda Reagana
52%
Nie znaleziono quizów pasujących do podanych kryteriów
Rozkład punktacji
Procent ludzi z każdym wynikiem
Percentyl według liczby udzielonych odpowiedzi
Twoja historia wyników
Nie rozwiązałeś tego quizu